Statistics for Marvel Questions #7

Click here to take the quiz!

General Stats

  • This quiz has been taken 16 times
  • The average score is 17 of 32

Answer Stats

Question:Answer:% Correct
Who Calls Rocket " Sweet Rabbit " ?Thor
100%
How Many Movies has Iron Man been in?9
92%
What Actor plays said Character?Robert Downey Jr
92%
Who is Lieutenant Colonel James Rhodes?War Machine
85%
What is the name of the 2nd Thor Movie?The Dark World
85%
What is the main villain of said movie?Vulture
77%
Who Killed Tony's Parents?Winter Soldier
77%
What Villain is Norman and Harry Osborn?Green Goblin
77%
Who's a Titan-Killing, Long-term Booty call?Star Lord
62%
Who helps Thor and Banner escape Sakaar?Valkyrie
62%
What is Cyclops' real name?Scott Summers
62%
Peggy Carter
62%
Who is Hela?Goddess of Death
62%
Howard Stark
62%
What actor plays said Character?Michael Keaton
54%
What is Red Skulls Name?Johann Schmidt
54%
At the End of the Avengers What kind of food do they sit in silence and eat?Shawarma
54%
Who Says " Take them to church " ?Tony Stark
46%
What movie does Peter mention to try to kill Ebony Maw?Aliens
46%
Who leads the Dora Milaje?Okoye
46%
What substance did deadpool hint and hide from the blind granny?Cocaine
46%
In Iron Man 2, what shape was Tony's new element in his Ark-Reactor?Triangle
46%
What percent of the company did Tony tell pepper she owns?12
46%
What Rapper Played a minor part in Spider-Man: Homecoming?Childish Gambino
38%
What Uneffective Projectile Did Justin Hammer Give Rhodey in Iron Man 2?The Ex Wife
38%
What was the name of the project that was overseen by a corrupt SHIELD operative?Insight
38%
What makes Ant-Man Grow and Shrink?Pym Particles
31%
What Mystic Object Chose Doctor Strange?Cloak of Levitation
31%
What European City/Country did Vanko Attack?Monaco
23%
Which child of Thanos did Scarlet witch face off against in Glasgow?Promixa Midnight
15%
A Kree Girl tried to take out Peter Quills What?Spleen
8%
Who Helped Start SHIELD?Chester Phillips
8%

Score Distribution

Percentile by Number Answered

Percent of People with Each Score

Your Score History

You have not taken this quiz